000 01004cam a22002771 4500
001 sa 68006771
003 DLC
005 20260227112519.0
008 710915s1960 pk ch b 000 0beng
010 _asa 68006771
040 _aDLC
_cDLC
_dDLC
041 1 _aenggerperurd
050 0 0 _aPK2199.I65
_bZ7935
245 0 0 _aMohammad Iqbal, poet and philosopher:
_ba collection of translations, essays and other articles,
_cpresented by the Pakistan-German Forum.
250 _a[1st ed.]
260 _aKarachi
_c[1960]
300 _aiii, 142, iii p.
_bfacsims., port.
_c23 cm.
500 _aEnglish, German, Persian and Urdu.
500 _aIncludes essays by and about Iqbal, translated by Annemarie Schimmel, Mumtaz Hasan and others.
504 _aBibliography: p. 140-142.
600 1 0 _aIqbal, Muhammad,
_cSir,
_d1877-1938.
700 1 _aIqbal, Muhammad,
_cSir,
_d1877-1938.
700 1 _aSchimmel, Annemarie,
_d1922-2003,
_etr.
700 1 _aHasan, Mumtaz,
_etr.
710 2 _aPakistan-German Forum.
999 _c81516
_d81516